[Event "DRUZYNOWE MISTRZOSTWA POLSKI JUNIOROW - II LIGA"]
[Site "Szczyrk, CKiR Orle Gniazdo ul. Wrzosowa 28a"]
[Date "2014-07-31"]
[Round "9.45"]
[White "Wrobel, Michal"]
[Black "Gazik, Jakub"]
[Result "0-1"]
[WhiteTitle "I"]
[BlackTitle "II"]
[WhiteElo "1720"]
[BlackElo "1461"]

1. e4 e6 2. d4 d5 3. exd5 exd5 4. Nf3 Bd6 5. c4 c6 6. Nc3 Ne7 7. c5 Bc7 8. Bd3
Bf5 9. O-O Bxd3 10. Qxd3 Nd7 11. b4 a6 12. Bd2 O-O 13. a4 b5 14. cxb6 Nxb6 15.
a5 Nc4 16. Na4 Bd6 17. Bc3 Rb8 18. Rfb1 Ng6 19. Nd2 Nf4 20. Qf1 Re8 21. Nxc4 Ne2+
22. Kh1 Bxh2 23. Nd2 Bg3 24. fxg3 Nxg3+ 25. Kg1 Nxf1 26. Rxf1 Qg5 27. Rae1 Qg3
28. Nf3 h5 29. Ne5 f6 30. Nxc6 Rbc8 31. Rxe8+ Rxe8 32. Rf3 Qc7 33. Nc5 Qxc6 34.
Kf2 Qb5 35. Rd3 Rc8 36. Re3 Re8 37. Rxe8+ Qxe8 38. Nxa6 Qb5 39. Nc5 Qc4 40. Be1
Qxd4+ 41. Kf1 Qc4+ 42. Kf2 d4 43. a6 d3 44. Bd2 f5 45. g3 h4 46. gxh4 Qxh4+ 47.
Ke3 Qc4 48. Nxd3 Qxa6 49. Nf4 Qa3+ 50. Ke2 g5 51. Nd3 g4 52. Ne1 Qa6+ 53. Kf2
Qb6+ 54. Kg2 Qd4 55. Bg5 Qxb4 56. Bh4 Qd2+ 57. Kf1 f4 58. Bf2 g3 59. Bg1 g2+ 60.
Nxg2 f3 61. Bf2 fxg2+ 62. Kxg2 Kf7 63. Kf3 Kf6 64. Be3 Qd3 65. Kf4 Qf5+ 66. Kg3
Qd3 67. Kf4 Qc4+ 68. Kf3 Kf5 0-1

[Event "DRUZYNOWE MISTRZOSTWA POLSKI JUNIOROW - II LIGA"]
[Site "Szczyrk, CKiR Orle Gniazdo ul. Wrzosowa 28a"]
[Date "2014-07-31"]
[Round "9.46"]
[White "Galuszka, Tomasz"]
[Black "Kawaler, Adam"]
[Result "1-0"]
[WhiteTitle "III"]
[BlackTitle "I"]
[WhiteElo "1344"]
[BlackElo "1610"]

1. e4 d6 2. d4 Nf6 3. Nc3 c6 4. Bg5 g6 5. Nf3 Bg7 6. Qd2 d5 7. e5 Ne4 8. Nxe4 dxe4
9. Ng1 f6 10. exf6 exf6 11. Be3 Be6 12. Ne2 f5 13. g3 Nd7 14. Bg2 Nb6 15. c3 Nc4
16. Qc1 a5 17. Nf4 Bf7 18. b3 Nxe3 19. fxe3 a4 20. b4 O-O 21. O-O b6 22. Qd2 Qe7
23. Rfc1 Rfd8 24. a3 c5 25. Bf1 Rd6 26. Kg2 Rad8 27. Ne2 Qb7 28. Kg1 Bc4 29. Rab1
cxd4 30. cxd4 Bd3 31. Rb2 Bxe2 32. Bxe2 Rxd4 33. Bc4+ Kh8 34. exd4 Bxd4+ 35. Kh1
Bf6 36. Qe2 Bxb2 37. Qxb2+ Qg7 38. Qxg7+ Kxg7 39. Rc2 Rd1+ 40. Kg2 Ra1 41. Ra2
Rxa2+ 42. Bxa2 g5 43. Kf2 Kf6 44. Bc4 Ke5 45. Bb5 Kd4 46. Bxa4 Kd3 47. Bb5+ Kd2
48. a4 f4 49. gxf4 gxf4 50. a5 e3+ 51. Kf3 1-0

[Event "DRUZYNOWE MISTRZOSTWA POLSKI JUNIOROW - II LIGA"]
[Site "Szczyrk, CKiR Orle Gniazdo ul. Wrzosowa 28a"]
[Date "2014-07-31"]
[Round "9.47"]
[White "Sekowska, Helena"]
[Black "Kordela, Monika"]
[Result "1-0"]
[WhiteTitle "I"]
[BlackTitle "II"]
[WhiteElo "1489"]
[BlackElo "1342"]

1. e4 c5 2. c3 d6 3. d4 cxd4 4. cxd4 g6 5. Nc3 Bg7 6. h3 Nc6 7. Nf3 Nf6 8. d5 Nb8
9. Bd3 Nbd7 10. O-O Nb6 11. Be3 Bd7 12. a4 Rc8 13. Qb3 O-O 14. a5 Na8 15. Bxa7
e6 16. Nd2 exd5 17. exd5 Re8 18. Nc4 Qe7 19. Be3 h5 20. Bf4 Rxc4 21. Bxc4 Ne4
22. Nxe4 Qxe4 23. Bxd6 Rc8 24. Bd3 Qd4 25. Rab1 Ba4 26. Qxb7 Rd8 27. Bb5 Bxb5
28. Qxb5 Rxd6 29. Qb8+ Bf8 30. Qxa8 Rxd5 31. Rfd1 Qxd1+ 32. Rxd1 Rxd1+ 33. Kh2
Kg7 34. Qf3 Ra1 35. Qc3+ Kh7 36. Qf6 Kg8 37. a6 Ra4 38. b3 Ra5 39. Qb6 Ra3 40.
a7 1-0

[Event "DRUZYNOWE MISTRZOSTWA POLSKI JUNIOROW - II LIGA"]
[Site "Szczyrk, CKiR Orle Gniazdo ul. Wrzosowa 28a"]
[Date "2014-07-31"]
[Round "9.48"]
[White "Adamczyk, Zuzanna"]
[Black "Frej, Hanna"]
[Result "1-0"]
[WhiteTitle "I"]
[BlackTitle "II"]
[WhiteElo "1238"]
[BlackElo "1356"]

1. e4 d5 2. exd5 Nf6 3. c4 c6 4. d4 cxd5 5. Nc3 Bf5 6. Nf3 e6 7. c5 Nc6 8. Bb5
Be7 9. Ne5 Rc8 10. O-O O-O 11. Nxc6 bxc6 12. Ba6 Ra8 13. Bb7 Rb8 14. Bxc6 Qc7
15. Ba4 Ng4 16. f4 Bg5 17. h3 Nf6 18. fxg5 Ne8 19. Bf4 Qb7 20. Bxb8 Qxb8 21. Qd2
Qc7 22. Nxd5 exd5 23. Rxf5 Qb7 24. Bxe8 Rxe8 25. Re1 Rf8 26. Rfe5 g6 27. Re8 Qd7
28. Rxf8+ Kxf8 29. Qf4 Qb7 30. Qd6+ Kg7 31. Qf6+ Kf8 32. Qh8# 1-0

[Event "DRUZYNOWE MISTRZOSTWA POLSKI JUNIOROW - II LIGA"]
[Site "Szczyrk, CKiR Orle Gniazdo ul. Wrzosowa 28a"]
[Date "2014-07-31"]
[Round "9.49"]
[White "Zylka, Stanislaw"]
[Black "Kanicki, Krzysztof"]
[Result "1/2-1/2"]
[WhiteTitle "I++"]
[BlackTitle "I+"]
[WhiteElo "1931"]
[BlackElo "2028"]

1. d4 d5 2. c4 c6 3. Nf3 Nf6 4. g3 Bf5 5. Nc3 e6 6. Bg2 h6 7. O-O Nbd7 8. b3 Ne4
9. Bb2 Nxc3 10. Bxc3 Be4 11. Nd2 Bxg2 12. Kxg2 Be7 13. f3 O-O 14. e4 b5 15. Qe2
bxc4 16. bxc4 Rb8 17. Rab1 Qc7 18. Rfc1 Rxb1 19. Rxb1 Rb8 20. Qd1 Rxb1 21. Qxb1
Qb6 22. exd5 Qxb1 23. Nxb1 exd5 24. c5 Bf6 25. Kf2 h5 26. Ke2 Kf8 27. Kd3 Ke8
28. Nd2 Nf8 29. Nb3 Kd7 30. Ke2 Ne6 31. Kd3 g6 32. Ke2 Bd8 33. Kd3 f5 34. Ba5
Bf6 35. Bd2 Bd8 36. Ba5 Bf6 37. Bd2 Bd8 38. Ba5 Bf6 39. Bd2 Bd8 40. Ba5 Bf6 41.
Bd2 1/2-1/2

[Event "DRUZYNOWE MISTRZOSTWA POLSKI JUNIOROW - II LIGA"]
[Site "Szczyrk, CKiR Orle Gniazdo ul. Wrzosowa 28a"]
[Date "2014-07-31"]
[Round "9.50"]
[White "Marko, Piotr"]
[Black "Beczala, Pawel"]
[Result "1/2-1/2"]
[WhiteTitle "II"]
[BlackTitle "II+"]
[WhiteElo "1628"]
[BlackElo "1711"]

1. e4 c5 2. g3 g6 3. Bg2 Nc6 4. Ne2 Bg7 5. O-O Nf6 6. c3 d6 7. d4 cxd4 8. cxd4
O-O 9. Nbc3 Qb6 10. h3 Re8 11. Rb1 Na5 12. e5 dxe5 13. dxe5 Rd8 14. Qa4 Ne8 15.
Nd5 Qa6 16. Nxe7+ Kh8 17. Bd2 Bd7 18. Qxa5 Qxe2 19. Rfe1 Qc4 20. Bxb7 Rab8 21.
Bd5 Qd3 22. Bxf7 Bxh3 23. Bd5 Rd7 24. Bb4 Rb5 25. Rbd1 Rxa5 26. Rxd3 Ra6 27. Rc3
Rb6 28. e6 Rc7 29. Rxc7 Nxc7 30. Ba5 Nxd5 31. Nxd5 Rxe6 32. Rxe6 Bxe6 33. Nf4
Bxa2 34. b4 Bc4 35. Ng2 Bd4 36. Ne3 Bxe3 37. fxe3 Kg7 38. Kf2 Kf6 39. e4 a6 40.
Ke3 h5 1/2-1/2

[Event "DRUZYNOWE MISTRZOSTWA POLSKI JUNIOROW - II LIGA"]
[Site "Szczyrk, CKiR Orle Gniazdo ul. Wrzosowa 28a"]
[Date "2014-07-31"]
[Round "9.51"]
[White "Walter, Szymon"]
[Black "Miszkielo, Bartosz"]
[Result "1-0"]
[WhiteTitle "I++"]
[BlackTitle "I"]
[WhiteElo "2022"]
[BlackElo "1678"]

1. e4 c5 2. Nc3 Nc6 3. f4 g6 4. Nf3 Bg7 5. Bb5 e6 6. Bxc6 dxc6 7. e5 f5 8. exf6
Nxf6 9. d3 O-O 10. O-O Nd5 11. Ne2 Bh6 12. g3 Bg7 13. Qe1 Nb4 14. Qd2 Qb6 15.
Kg2 Rd8 16. a3 Na6 17. Ne5 Qc7 18. Qe3 b6 19. b3 Nb8 20. Bb2 Nd7 21. c4 b5 22.
Rae1 Rb8 23. Ba1 Rb7 24. Rf3 Nxe5 25. fxe5 bxc4 26. bxc4 Qa5 27. Bc3 Qxa3 28.
Ra1 Qb3 29. Raf1 Qc2 30. Ba5 Re8 31. R1f2 Qb2 32. Qxc5 Qxe5 33. Rf8+ 1-0

[Event "DRUZYNOWE MISTRZOSTWA POLSKI JUNIOROW - II LIGA"]
[Site "Szczyrk, CKiR Orle Gniazdo ul. Wrzosowa 28a"]
[Date "2014-07-31"]
[Round "9.53"]
[White "Binkowska, Agata"]
[Black "Rogacka, Natalia"]
[Result "0-1"]
[WhiteTitle "I"]
[BlackTitle "II+"]
[WhiteElo "1602"]
[BlackElo "1509"]

1. e4 e5 2. d4 exd4 3. Nf3 Nc6 4. Bc4 Nf6 5. O-O Be7 6. e5 Ne4 7. Re1 d5 8. Bb5
Bd7 9. Bxc6 Bxc6 10. Nxd4 Qd7 11. f3 Nc5 12. Be3 O-O 13. f4 f5 14. Nd2 Rae8 15.
Rf1 Ne4 16. Qe2 Bc5 17. N2b3 Bb6 18. Rf3 Ba4 19. Rh3 Bxb3 20. Nxb3 Bxe3+ 21. Qxe3
b6 22. Rd1 Qf7 23. Rf3 Rd8 24. c3 Rfe8 25. Qe2 Qh5 26. Qf1 a5 27. Rfd3 c6 28.
Nd4 Qg6 29. Nc2 Rd7 30. c4 Red8 31. cxd5 Rxd5 32. Rxd5 cxd5 33. Ne3 Qe6 34. Rd4
g6 35. Qd1 Kg7 36. Rxd5 Rxd5 37. Qxd5 Qe7 38. Nc4 Qb4 39. Ne3 Qe1+ 40. Nf1 Qf2+
0-1

[Event "DRUZYNOWE MISTRZOSTWA POLSKI JUNIOROW - II LIGA"]
[Site "Szczyrk, CKiR Orle Gniazdo ul. Wrzosowa 28a"]
[Date "2014-07-31"]
[Round "9.54"]
[White "Czarniecka, Aleksandra"]
[Black "Buchta, Agnieszka"]
[Result "0-1"]
[WhiteTitle "I"]
[BlackTitle "II+"]
[WhiteElo "1260"]
[BlackElo "1371"]

1. e4 c5 2. Nf3 e6 3. d4 cxd4 4. Nxd4 Nf6 5. Nc3 Nc6 6. Ndb5 Bb4 7. a3 Bxc3+ 8.
Nxc3 d5 9. exd5 exd5 10. Bg5 d4 11. Ne4 Qa5+ 12. Bd2 Qe5 13. f3 Nxe4 14. fxe4
Qxe4+ 15. Qe2 Bf5 16. O-O-O O-O 17. Qc4 Ne5 18. Qa4 Rac8 19. c3 Qb1# 0-1

[Event "DRUZYNOWE MISTRZOSTWA POLSKI JUNIOROW - II LIGA"]
[Site "Szczyrk, CKiR Orle Gniazdo ul. Wrzosowa 28a"]
[Date "2014-07-31"]
[Round "9.55"]
[White "Kulas, Szymon"]
[Black "Lapaj, Mateusz"]
[Result "0-1"]
[WhiteTitle "I++"]
[BlackTitle "I++"]
[WhiteElo "2005"]
[BlackElo "2135"]

1. e4 d5 2. exd5 Qxd5 3. Nc3 Qd6 4. d4 Nf6 5. Be3 a6 6. Qd2 Nc6 7. O-O-O Bf5 8.
Bf4 Qd7 9. a3 e6 10. Nf3 O-O-O 11. h3 Be7 12. g4 Ne4 13. Qe3 Nxc3 14. Qxc3 Be4
15. Be2 Bf6 16. Rhe1 Bxf3 17. Bxf3 Nxd4 18. g5 Ne2+ 19. Bxe2 Bxc3 20. Rxd7 Bxe1
21. Rxc7+ Kb8 22. Rxf7+ Ka8 23. Bf3 Rhf8 24. Bxb7+ Ka7 25. Be3+ Kb8 26. Rxg7 Bxf2
27. Bxf2 Rxf2 28. Bxa6 Rh2 29. Bd3 Rh1+ 30. Kd2 Rxh3 31. b3 e5 32. Kc1 Re8 33.
Rxh7 Rg3 34. g6 e4 35. g7 exd3 36. Rh8 Rc8 37. Rxc8+ Kxc8 38. cxd3 Rxg7 39. Kb2
Kc7 40. Kc3 Rg4 41. d4 Kc6 42. Kc4 Rg1 43. a4 Rc1+ 44. Kb4 Kb6 45. a5+ Ka6 46.
d5 Rc2 47. d6 Rc6 0-1

[Event "DRUZYNOWE MISTRZOSTWA POLSKI JUNIOROW - II LIGA"]
[Site "Szczyrk, CKiR Orle Gniazdo ul. Wrzosowa 28a"]
[Date "2014-07-31"]
[Round "9.56"]
[White "Rosicki, Marcin"]
[Black "Nowak, Kamil"]
[Result "0-1"]
[WhiteTitle "I"]
[BlackTitle "I"]
[WhiteElo "1776"]
[BlackElo "1845"]

1. e4 e6 2. d4 d5 3. Nc3 Bb4 4. e5 c5 5. Bd2 Ne7 6. Nb5 Bxd2+ 7. Qxd2 O-O 8. Nd6
Nbc6 9. c3 cxd4 10. cxd4 Qb6 11. Rd1 Bd7 12. f4 Nc8 13. Nxc8 Raxc8 14. Ne2 f6
15. exf6 Rxf6 16. Nc3 Rcf8 17. g3 g5 18. fxg5 Rf2 19. Be2 Be8 20. b3 Bh5 21. Qe3
Nb4 22. Rd2 Bxe2 23. Nxe2 R2f3 24. Qe5 Nd3+ 25. Rxd3 Rxd3 26. Nf4 Rxd4 0-1

[Event "DRUZYNOWE MISTRZOSTWA POLSKI JUNIOROW - II LIGA"]
[Site "Szczyrk, CKiR Orle Gniazdo ul. Wrzosowa 28a"]
[Date "2014-07-31"]
[Round "9.57"]
[White "Lipski, Lukasz"]
[Black "Gora, Szczepan"]
[Result "1-0"]
[WhiteTitle "II+"]
[BlackTitle "III"]
[WhiteElo "1595"]
[BlackElo "1115"]

1. d4 d5 2. Bf4 Bf5 3. e3 Nf6 4. Nf3 e6 5. Bd3 Bg6 6. Ne5 Bd6 7. O-O O-O 8. Nd2
Nc6 9. Ndf3 Ne4 10. Nxg6 hxg6 11. Bxe4 dxe4 12. Bxd6 Qxd6 13. Ng5 f5 14. h4 Rad8
15. c4 Rf6 16. g3 b6 17. Kg2 Qd7 18. Rh1 Qe8 19. Rh2 Ne5 20. Qe2 Ng4 21. Rhh1
Kf8 22. Nh7+ Kf7 23. b3 e5 24. Nxf6 Nxf6 25. dxe5 Qxe5 26. Rad1 Rh8 27. Rd4 c5
28. Rd2 Qc7 29. Rhd1 Re8 30. Rd6 Re7 31. Rd8 Nd7 32. Rh8 Nf6 33. Rdd8 Ne8 34.
Qd2 Qc6 35. Qd5+ Qxd5 36. cxd5 a6 37. d6 Re5 38. d7 Nc7 39. Rdf8+ Ke6 40. d8=Q
Nd5 41. Re8+ Ne7 42. Rxe7+ 1-0

[Event "DRUZYNOWE MISTRZOSTWA POLSKI JUNIOROW - II LIGA"]
[Site "Szczyrk, CKiR Orle Gniazdo ul. Wrzosowa 28a"]
[Date "2014-07-31"]
[Round "9.59"]
[White "Dwilewicz, Agata"]
[Black "Konopacka, Martyna"]
[Result "0-1"]
[WhiteTitle "I"]
[BlackTitle "I"]
[WhiteElo "1540"]
[BlackElo "1715"]

1. e4 e5 2. Nf3 Nc6 3. d4 exd4 4. Nxd4 Bc5 5. Nb3 Bb6 6. Nc3 Nge7 7. a4 a6 8. Be2
d6 9. a5 Ba7 10. O-O O-O 11. Kh1 f5 12. exf5 Bxf5 13. Be3 Be6 14. Nd4 Bxd4 15.
Bxd4 Nf5 16. Be3 Nxe3 17. fxe3 Qg5 18. e4 Rxf1+ 19. Bxf1 Rf8 20. Qe1 Ne5 21. Be2
Qe3 22. Qg1 Qd2 23. Rc1 Bg4 24. Qe1 Qf4 25. Bd3 c6 26. Ne2 Bxe2 27. Qxe2 Qxc1+
0-1

[Event "DRUZYNOWE MISTRZOSTWA POLSKI JUNIOROW - II LIGA"]
[Site "Szczyrk, CKiR Orle Gniazdo ul. Wrzosowa 28a"]
[Date "2014-07-31"]
[Round "9.60"]
[White "Zamarska, Sylwia"]
[Black "Szulc, Patrycja"]
[Result "1-0"]
[WhiteTitle "II"]
[BlackTitle "II"]
[WhiteElo "1313"]
[BlackElo "1383"]

1. d4 Nf6 2. c4 e6 3. Nc3 Bb4 4. Qc2 Bxc3+ 5. Qxc3 Ne4 6. Qc2 d5 7. Nf3 O-O 8.
Bf4 c5 9. cxd5 Qxd5 10. dxc5 Nxc5 11. Rd1 Qc6 12. Bd6 Re8 13. Qxc5 Qa4 14. Bxb8
Rxb8 15. Qc7 Qb4+ 16. Rd2 Ra8 17. a3 Qf8 18. Qd6 Re7 19. e3 b6 20. Be2 Bb7 21.
O-O Rc8 22. Rfd1 h6 23. Qb4 Bc6 24. Ne5 Rec7 25. Qxf8+ Kxf8 26. Nxc6 Rxc6 27.
Rd8+ Rxd8 28. Rxd8+ Ke7 29. Rd2 Rc1+ 30. Bf1 f5 31. g3 g5 32. Kg2 Rc5 33. a4 e5
34. b3 a5 35. Bc4 h5 36. Rd5 Rxd5 37. Bxd5 Kf6 38. f3 Kg6 39. Kf2 h4 40. g4 f4
41. exf4 exf4 42. Ke2 Kf6 43. Kd3 Ke5 44. Be4 Kd6 45. Kd4 Ke6 46. Kc4 Kd6 47.
Kb5 Kc7 48. Bc6 Kb8 49. Kxb6 Kc8 50. Kxa5 Kc7 51. Be4 Kb8 52. Kb6 Kc8 53. a5 Kb8
54. a6 Kc8 55. a7 1-0

[Event "DRUZYNOWE MISTRZOSTWA POLSKI JUNIOROW - II LIGA"]
[Site "Szczyrk, CKiR Orle Gniazdo ul. Wrzosowa 28a"]
[Date "2014-07-31"]
[Round "9.61"]
[White "Jajte-pachota, Maciej"]
[Black "Janulek, Dawid"]
[Result "1/2-1/2"]
[WhiteTitle "I"]
[BlackTitle "I"]
[WhiteElo "1916"]
[BlackElo "1878"]

1. c4 Nf6 2. g3 Nc6 3. Bg2 e5 4. Nc3 Bc5 5. d3 O-O 6. Nf3 d6 7. a3 a5 8. Bg5 h6
9. Bxf6 Qxf6 10. Ne4 Qe7 11. Nxc5 dxc5 12. O-O Nd4 13. Re1 Qd6 14. Nxd4 Qxd4 15.
Qd2 Rd8 16. Qc3 Ra6 17. Rad1 Rf6 18. e3 Qxc3 19. bxc3 Bg4 20. Rd2 Rb6 21. f4 exf4
22. exf4 Kf8 23. f5 Bxf5 24. Re5 Rxd3 25. Rde2 Be6 26. Rxc5 Rxc3 27. Rxc7 Rxc4
28. Rxb7 Rxb7 29. Bxb7 Rc3 30. Re4 Rxa3 31. Bc6 Rc3 32. Bb5 Rb3 33. Bc6 Rb6 34.
Ba8 Rb4 35. Re5 a4 36. Ra5 Rb1+ 37. Kg2 Ra1 38. Bd5 Bxd5+ 39. Rxd5 a3 40. Rd7
a2 41. Ra7 g5 42. g4 Kg7 43. Ra6 f6 44. h3 Kg6 45. Ra7 h5 46. Kh2 hxg4 47. hxg4
f5 48. Ra6+ Kf7 49. gxf5 g4 50. Kg2 g3 51. Ra7+ Kf6 52. Ra6+ Kxf5 53. Ra5+ Ke4
54. Ra4+ Ke3 55. Ra3+ Kd2 56. Ra7 Kc3 57. Ra8 Kb3 1/2-1/2

[Event "DRUZYNOWE MISTRZOSTWA POLSKI JUNIOROW - II LIGA"]
[Site "Szczyrk, CKiR Orle Gniazdo ul. Wrzosowa 28a"]
[Date "2014-07-31"]
[Round "9.62"]
[White "Piela, Dominik"]
[Black "Golda, Sebastian"]
[Result "0-1"]
[WhiteTitle "II+"]
[BlackTitle "I"]
[WhiteElo "1565"]
[BlackElo "1730"]

1. e4 e5 2. Bc4 Bc5 3. Nf3 Nc6 4. d3 d6 5. h3 h6 6. c3 Bb6 7. Bb3 Nf6 8. Nbd2 Ne7
9. O-O Ng6 10. Re1 O-O 11. Nf1 Re8 12. Ng3 Bd7 13. Be3 c6 14. Qe2 Bc7 15. a3 Be6
16. Bc2 d5 17. b4 Qd7 18. Qd2 a6 19. Qc1 Rad8 20. Rd1 Qc8 21. Qb2 Bd7 22. Bb3
Nf4 23. c4 dxc4 24. dxc4 N6h5 25. Nxh5 Nxh5 26. h4 Bg4 27. Qe2 Re6 28. Rxd8+ Bxd8
29. Qd3 Bxf3 30. gxf3 Be7 31. Kf1 Rd6 32. Qc3 Qh3+ 33. Ke2 Qh2 34. Bc5 Nf4+ 35.
Ke3 Bxh4 36. Ra2 Rd3+ 37. Qxd3 Nxd3 38. Kxd3 Qh1 39. Be3 Qxf3 40. c5 Be7 41. Ra1
h5 42. Rg1 Qh3 43. Ke2 Qh2 44. Rd1 Qh3 45. Rg1 Kf8 46. Rg3 Qh1 47. Rf3 f6 48.
Bd1 h4 49. Rf5 h3 50. Rh5 h2 51. Bb3 Bd8 52. Rh8+ Ke7 53. f3 Qg2+ 0-1

[Event "DRUZYNOWE MISTRZOSTWA POLSKI JUNIOROW - II LIGA"]
[Site "Szczyrk, CKiR Orle Gniazdo ul. Wrzosowa 28a"]
[Date "2014-07-31"]
[Round "9.63"]
[White "Flach, Rajmund"]
[Black "Klepek, Witold"]
[Result "0-1"]
[WhiteTitle "II"]
[BlackTitle "I"]
[WhiteElo "1353"]
[BlackElo "1892"]

1. e4 c5 2. Nf3 e6 3. d4 cxd4 4. Nxd4 Nf6 5. Nc3 Nc6 6. Ndb5 Bb4 7. a3 Bxc3+ 8.
Nxc3 d5 9. Bd3 O-O 10. O-O d4 11. Ne2 e5 12. h3 Nd7 13. Ng3 Re8 14. f4 exf4 15.
Bxf4 Nf8 16. Qh5 Ng6 17. Rae1 Nce5 18. Bxe5 Rxe5 19. Qe2 Be6 20. Nf5 Qb6 21. b4
Bxf5 22. Rxf5 f6 23. Bc4+ Kh8 24. Qd3 Rc8 25. Kh1 Rxf5 26. exf5 Ne5 27. Qe2 Qc6
28. Bb3 Qc3 29. Qe4 Rd8 30. Qh4 d3 31. Re4 h6 32. cxd3 Rxd3 33. Bf7 Rd1+ 34. Kh2
Nf3+ 35. gxf3 Qd2+ 36. Kg3 Rg1# 0-1

[Event "DRUZYNOWE MISTRZOSTWA POLSKI JUNIOROW - II LIGA"]
[Site "Szczyrk, CKiR Orle Gniazdo ul. Wrzosowa 28a"]
[Date "2014-07-31"]
[Round "9.65"]
[White "Jedrocha, Katarzyna"]
[Black "Kaszok, Weronika"]
[Result "1-0"]
[WhiteTitle "I+"]
[BlackTitle "II"]
[WhiteElo "1723"]
[BlackElo "1365"]

1. e4 c6 2. d4 d5 3. Nc3 dxe4 4. Nxe4 Bf5 5. Ng3 Bg6 6. h4 h6 7. Nf3 Nd7 8. h5
Bh7 9. Bd3 Bxd3 10. Qxd3 Ngf6 11. Bf4 e6 12. O-O-O Nd5 13. Bd2 Be7 14. Ne4 Qc7
15. g3 c5 16. dxc5 Nxc5 17. Qb5+ Qc6 18. Qxc6+ bxc6 19. Rhe1 O-O 20. Ne5 Rfc8
21. Nxc5 Bxc5 22. Re2 Rc7 23. Ba5 Bb6 24. Bxb6 axb6 25. a3 b5 26. c4 bxc4 27.
Nxc4 Nf6 28. Red2 Ne4 29. Rd4 Nf6 30. Nb6 Rb8 31. Nd7 Nxd7 32. Rxd7 Rxd7 33. Rxd7
Rc8 34. a4 c5 35. Kc2 c4 36. Kc3 e5 37. a5 Ra8 38. Kb4 Rb8+ 39. Kxc4 Rxb2 40.
a6 1-0

[Event "DRUZYNOWE MISTRZOSTWA POLSKI JUNIOROW - II LIGA"]
[Site "Szczyrk, CKiR Orle Gniazdo ul. Wrzosowa 28a"]
[Date "2014-07-31"]
[Round "9.66"]
[White "Orlik, Sandra"]
[Black "Furtak, Joanna"]
[Result "1/2-1/2"]
[WhiteTitle "II"]
[BlackTitle "I"]
[WhiteElo "1288"]
[BlackElo "1425"]

1. e4 e5 2. Nf3 Nc6 3. Nc3 Nf6 4. d4 exd4 5. Nxd4 Bb4 6. Nxc6 bxc6 7. Bd3 d5 8.
exd5 cxd5 9. O-O O-O 10. Bg5 c6 11. Qf3 Bd6 12. h3 Rb8 13. b3 Be5 14. Rad1 h6
15. Bxf6 Qxf6 16. Qxf6 Bxf6 17. Ne2 Re8 18. Rfe1 Rb6 19. Ng3 Rxe1+ 20. Rxe1 Be6
21. f4 Rb8 22. Kf1 Kf8 23. Nh5 Bc3 24. Re2 Re8 25. g4 g6 26. Ng3 Bd7 27. Kg2 Rxe2+
28. Nxe2 Bf6 29. Kf3 Ke7 30. b4 Kd6 31. c3 c5 32. Ke3 c4 33. Bc2 g5 34. f5 Ke5
35. a4 Bd8 36. a5 a6 37. Nd4 Bf6 38. Ne2 Be8 39. Nd4 Bd7 40. Ne2 Be8 41. Nd4 Bd7
42. Ne2 Be8 43. Nd4 1/2-1/2

[Event "DRUZYNOWE MISTRZOSTWA POLSKI JUNIOROW - II LIGA"]
[Site "Szczyrk, CKiR Orle Gniazdo ul. Wrzosowa 28a"]
[Date "2014-07-31"]
[Round "9.67"]
[White "Kalmuk, Krzysztof"]
[Black "Drabek, Jan"]
[Result "1/2-1/2"]
[WhiteTitle "I"]
[BlackTitle "I"]
[WhiteElo "1934"]
[BlackElo "1632"]

1. Nf3 Nf6 2. c4 g6 3. g3 Bg7 4. Bg2 c5 5. O-O O-O 6. Nc3 Nc6 7. d3 d6 8. Rb1 Bd7
9. a3 a5 10. Ne1 Qc8 11. Nc2 Bh3 12. b4 Bxg2 13. Kxg2 axb4 14. axb4 b6 15. Bg5
e6 16. Qd2 Qb7 17. f3 Qd7 18. bxc5 bxc5 19. Rb6 Rfb8 20. Rfb1 Rxb6 21. Rxb6 Rb8
22. Rxb8+ Nxb8 23. Nb5 Nc6 24. Nca3 Nb4 25. Qd1 h6 26. Bd2 d5 27. Qa4 Nc6 28.
Nc3 Nd4 29. Qxd7 Nxd7 30. cxd5 exd5 31. Nxd5 Nxe2 32. Nc4 Nd4 33. Bf4 Nc6 34.
Kf2 Nce5 35. Nxe5 Nxe5 36. Bxe5 Bxe5 37. Ke3 Bd4+ 38. Kf4 f6 39. g4 Kf7 40. Ke4
Bg1 41. h3 Bh2 42. f4 Ke6 43. f5+ gxf5+ 44. gxf5+ Kf7 45. Nb6 h5 46. Kd5 Kg7 47.
Kxc5 Bg1+ 48. Kc6 Kh6 49. Nd5 Kg5 50. Ne7 Kh4 51. Kd5 Kxh3 52. Ke6 Bd4 53. Nc6
Bb2 54. d4 Kg3 55. d5 Ba3 56. Nd4 h4 57. Ne2+ Kf3 58. Ng1+ Kg2 59. Ne2 Kf3 60.
Ng1+ 1/2-1/2

[Event "DRUZYNOWE MISTRZOSTWA POLSKI JUNIOROW - II LIGA"]
[Site "Szczyrk, CKiR Orle Gniazdo ul. Wrzosowa 28a"]
[Date "2014-07-31"]
[Round "9.68"]
[White "Mrozowski, Patryk"]
[Black "Sendobry, Adam"]
[Result "1-0"]
[WhiteTitle "I"]
[BlackTitle "II"]
[WhiteElo "1795"]
[BlackElo "1417"]

1. e4 e6 2. d4 d5 3. e5 c5 4. c3 Nc6 5. Nf3 Qb6 6. a3 Bd7 7. b4 cxd4 8. cxd4 Nge7
9. Nc3 Rc8 10. Na4 Qd8 11. Bb2 Nf5 12. Rc1 a5 13. b5 Na7 14. Nc3 b6 15. Bd3 Ne7
16. O-O Ng6 17. g3 Be7 18. h4 O-O 19. h5 Nh8 20. Kg2 g6 21. Rh1 Kg7 22. hxg6 fxg6
23. Qd2 Nf7 24. Rce1 Bg5 25. Nxg5 Qxg5 26. f4 Qe7 27. Rh2 Rh8 28. Reh1 Rcf8 29.
Qe2 Nd8 30. Qg4 Nf7 31. Rxh7+ Rxh7 32. Qxg6+ Kh8 33. Qxh7# 1-0

[Event "DRUZYNOWE MISTRZOSTWA POLSKI JUNIOROW - II LIGA"]
[Site "Szczyrk, CKiR Orle Gniazdo ul. Wrzosowa 28a"]
[Date "2014-07-31"]
[Round "9.69"]
[White "Koszewski, Daniel"]
[Black "Jaszczuk, Mateusz"]
[Result "1-0"]
[WhiteTitle "II"]
[BlackTitle "II"]
[WhiteElo "1511"]
[BlackElo "1426"]

1. e4 c5 2. Nc3 Nc6 3. g3 g6 4. Bg2 Bg7 5. d3 d6 6. Be3 Nf6 7. h3 O-O 8. Qd2 a6
9. f4 Rb8 10. Nf3 b5 11. g4 Bb7 12. O-O b4 13. Ne2 a5 14. Ng3 Qc7 15. g5 Nd7 16.
h4 Bxb2 17. Rab1 Bg7 18. h5 Nb6 19. Nh4 Bc3 20. Qf2 Na4 21. f5 Ne5 22. Bh3 Qb6
23. f6 exf6 24. gxf6 Qc7 25. Kh1 Bc8 26. Bxc8 Rbxc8 27. Bh6 Rfe8 28. Bg7 Nb6 29.
Ngf5 Ng4 30. Nh6+ Nxh6 31. Bxh6 Nd7 32. Bg7 Qd8 33. Qf4 Be5 34. Qg5 Rf8 35. h6
Re8 36. Nxg6 Bxf6 37. Rxf6 Nxf6 38. Bxf6 Qd7 39. Ne7+ 1-0

[Event "DRUZYNOWE MISTRZOSTWA POLSKI JUNIOROW - II LIGA"]
[Site "Szczyrk, CKiR Orle Gniazdo ul. Wrzosowa 28a"]
[Date "2014-07-31"]
[Round "9.71"]
[White "Sendobry, Anna"]
[Black "Krzysztynska, Anna"]
[Result "0-1"]
[WhiteTitle "II"]
[BlackTitle "I"]
[WhiteElo "1368"]
[BlackElo "1411"]

1. e4 e5 2. d4 exd4 3. Qxd4 Nc6 4. Qe3 d6 5. Nc3 Nf6 6. Bd2 Be6 7. O-O-O Be7 8.
f4 d5 9. exd5 Nxd5 10. Qg3 Bf6 11. Bb5 O-O 12. Nge2 a6 13. Ba4 b5 14. Bb3 Nce7
15. Nxd5 Nxd5 16. Bxd5 Qxd5 17. Bc3 Qf5 18. Nd4 Bxd4 19. Rxd4 f6 20. Qe3 Rfe8
21. Re4 Bf7 22. Re1 Qd7 23. Qg3 Bg6 24. Rxe8+ Rxe8 25. Rxe8+ Qxe8 26. f5 Bxf5
27. Bxf6 Qf7 28. Qg5 Qxf6 29. Qf4 Qe6 30. b3 Qh6 31. Qxh6 gxh6 32. Kd2 Kf7 33.
c4 b4 0-1

[Event "DRUZYNOWE MISTRZOSTWA POLSKI JUNIOROW - II LIGA"]
[Site "Szczyrk, CKiR Orle Gniazdo ul. Wrzosowa 28a"]
[Date "2014-07-31"]
[Round "9.72"]
[White "Winter, Anna"]
[Black "Kulpa, Zuzanna"]
[Result "1/2-1/2"]
[WhiteTitle "II+"]
[BlackTitle "I"]
[WhiteElo "1340"]
[BlackElo "1435"]

1. e4 e6 2. d4 d5 3. e5 c5 4. c3 Nc6 5. Nf3 Qb6 6. a3 Nh6 7. b4 cxd4 8. cxd4 Nf5
9. Be3 Bd7 10. Be2 Be7 11. O-O f6 12. b5 Na5 13. exf6 Bxf6 14. a4 Rc8 15. Na3
O-O 16. Qd3 Nc4 17. Nxc4 Rxc4 18. Qd2 Rcc8 19. Rac1 Rxc1 20. Rxc1 Rc8 21. Rxc8+
Bxc8 22. Qc3 Bd7 23. h3 Nxe3 24. fxe3 Qd6 25. Qa5 Qb8 26. Qc3 b6 27. Kf2 Kf7 28.
Bd3 h6 29. Be2 Qc8 30. Qxc8 Bxc8 31. Bd3 Be7 32. Ne5+ Ke8 33. Nc6 Bb7 34. Nxe7
Kxe7 35. Kg3 Kf6 36. Kf4 Bc8 37. Be2 Bd7 38. Bg4 Be8 39. Bf3 g5+ 40. Kg3 Bg6 41.
Bd1 Be4 42. Kf2 Kg6 43. g4 Kf6 44. Bb3 Ke7 45. Kg3 Kd7 46. h4 Kc7 47. hxg5 hxg5
48. Kf2 Kb7 49. Bd1 Bd3 50. Ke1 Be4 51. Kd2 Kc7 52. Kc3 Kb7 53. Kd2 a6 54. Kc3
Bg2 55. Kd2 Ka7 56. Be2 axb5 57. axb5 Be4 58. Kc3 Kb7 59. Kd2 Kc7 60. Ke1 Kd6
61. Kd2 Bg2 62. Kc3 e5 63. Kd2 1/2-1/2